Příběh & Shakespeare /

Hlavní autor: Rut, Přemysl, 1954-
Korporativní autor: Akademie múzických umění v Praze. Filmová a televizní fakulta
Další autoři: Akademie múzických umění v Praze. Hudební fakulta, Akademie múzických umění v Praze. Katedra autorské tvorby a pedagogiky
Jazyk: Čeština
Vydáno: V Praze : Akademie múzických umění, Divadelní fakulta, katedra autorské tvorby a pedagogiky, 2007
Vydání: 2., rozš. vyd.
Témata:
Fyzický popis: 188 s. ; 21 cm
Knihy
Uloženo v:
LEADER 02123nam a2200529 a 4500
001 nkc20071752384
003 CZ PrNK
005 20080704094253.0
007 ta
008 070919s2007 xr e 000 e cze
015 |a cnb001752384 
020 |a 978-80-7331-094-3  |q (brož.) 
035 |a (OCoLC)190424500 
040 |a BOA001  |b cze  |d ABA001 
045 |a t6u1 
072 7 |a 821.111.09  |x Anglická literatura, anglicky psaná (o ní)  |2 Konspekt  |9 11 
080 |a 821.111-2  |2 MRF 
080 |a 81'42  |2 MRF 
080 |a 808.1  |2 MRF 
080 |a (0:82-4)  |2 MRF 
100 1 |a Rut, Přemysl,  |d 1954-  |7 jn99240001011  |4 aut 
245 1 0 |a Příběh & Shakespeare /  |c Přemysl Rut 
246 1 8 |a Příběh a Shakespeare 
250 |a 2., rozš. vyd. 
260 |a V Praze :  |b Akademie múzických umění, Divadelní fakulta, katedra autorské tvorby a pedagogiky,  |c 2007 
300 |a 188 s. ;  |c 21 cm 
500 |a Nad názvem: AMU = DAMU + FAMU + HAMU 
500 |a V prelimináriích: Akademie múzických umění v Praze, Katedra autorské tvorby a pedagogiky DAMU 
504 |a Obsahuje bibliografii 
600 1 7 |a Shakespeare, William,  |d 1564-1616  |7 jn19981002129  |2 czenas 
648 7 |a 16.-17. století  |7 ch757028  |2 czenas 
650 0 7 |a anglické drama  |7 ph114054  |y 16.-17. stol.  |2 czenas 
650 0 7 |a struktura a kompozice textu  |7 ph170446  |2 czenas 
650 0 7 |a vypravěčské techniky  |7 ph161936  |2 czenas 
650 0 9 |a English drama  |y 16th-17th centuries  |2 eczenas 
650 0 9 |a text composition  |2 eczenas 
650 0 9 |a narration (rhetoric)  |2 eczenas 
655 7 |a eseje  |7 fd132213  |2 czenas 
655 9 |a essays  |2 eczenas 
710 2 |a Akademie múzických umění v Praze.  |b Filmová a televizní fakulta  |7 kn20030210034 
710 2 |a Akademie múzických umění v Praze.  |b Hudební fakulta  |7 kn20010709002 
710 2 |a Akademie múzických umění v Praze.  |b Katedra autorské tvorby a pedagogiky  |7 mzk2003207269 
910 2 |a BOA001  |b 2-1192.157 
990 |a BK 
995 |a 01 
991 |b 200710  |c NOV 
996 6 |b 2610320190  |c 2-1192.157  |l MZK  |r Sklad / do 1 hodiny  |n 4  |p p.v.  |w 000866531  |u 000010  |a 1  |e BOA001  |j MZK50  |s P